[Event "Asian Cities-chT"]
[Site "Khanty-Mansiysk"]
[Date "2024.04.22"]
[Round "2.1"]
[White "Ahmad, E Al Azzah"]
[Black "Amarathunga, Kosala Sandeepa Cha"]
[Result "0-1"]
[WhiteElo "1836"]
[BlackElo "1772"]
[PlyCount "68"]
[EventDate "2024.04.21"]
[EventType "team-swiss"]
[EventRounds "9"]
[EventCountry "RUS"]
[SourceTitle "CB18_2024"]
[SourceDate "2024.05.01"]
[SourceVersion "1"]
[SourceVersionDate "2024.05.01"]
[SourceQuality "2"]
[WhiteTeam "Al Quds"]
[BlackTeam "Colombo"]
[WhiteTeamCountry "PLE"]
[BlackTeamCountry "SRI"]

1. e4 e6 2. d3 d5 3. Nd2 c5 4. Ngf3 Nc6 5. g3 g6 6. Bg2 Bg7 7. 0-0 Nge7 8. c3 0-0 9. Re1 b5 10. h4 Bd7 11. e5 Rc8 12. Nf1 Nf5 13. Bf4 h6 14. Ne3 d4 15. Nxf5 exf5 16. Qd2 Kh7 17. cxd4 cxd4 18. Rac1 Qb6 19. Qe2 Be6 20. b3 Nb4 21. Qd2 Nd5 22. Qb2 Nc3 23. a3 Rfd8 24. Bd2 b4 25. axb4 Qxb4 26. Nxd4 Qxd4 27. Rxc3 Bxe5 28. Rec1 Qb6 29. b4 Rxd3 30. Bf1 Rxg3+ 31. Bg2 Rd3 32. Bf1 Rdxc3 33. Bxc3 Rxc3 34. Rxc3 Qd4 0-1

[Event "Arab Clubs-chT 11th"]
[Site "Tunis"]
[Date "2009.12.18"]
[Round "8"]
[White "Ahmad, E Al Azzah"]
[Black "Mohannad, Farhan"]
[Result "0-1"]
[WhiteElo "2022"]
[BlackElo "2258"]
[PlyCount "64"]
[EventDate "2009.12.12"]
[EventType "team-swiss"]
[EventRounds "9"]
[EventCountry "TUN"]
[SourceTitle "EXT 2020"]
[Source "ChessBase"]
[SourceDate "2019.10.17"]
[SourceVersion "1"]
[SourceVersionDate "2019.10.17"]
[SourceQuality "1"]
[WhiteTeam "Shabab Al Azoun"]
[BlackTeam "Mouthafi Alamana"]
[WhiteTeamCountry "PLE"]
[BlackTeamCountry "JOR"]

1. e4 c5 2. c4 Nc6 3. g3 g6 4. Bg2 Bg7 5. Ne2 e6 6. Nbc3 d6 7. 0-0 Nge7 8. a3 0-0 9. Rb1 a5 10. d3 f5 11. f4 Nd4 12. Be3 Nec6 13. Bf2 Rb8 14. Nxd4 Nxd4 15. Ne2 fxe4 16. dxe4 e5 17. Nxd4 cxd4 18. fxe5 dxe5 19. b4 axb4 20. axb4 Be6 21. Qd3 b6 22. Rfc1 Bh6 23. Rc2 Rf7 24. Ra1 Ra8 25. Rxa8 Qxa8 26. c5 Qa1+ 27. Qf1 Qa4 28. Qb1 d3 29. Rc3 d2 30. Rd3 Bg4 31. c6 Qxc6 32. Bf1 Qf6 0-1

[Event "Arab Clubs-chT 11th"]
[Site "Tunis"]
[Date "2009.12.14"]
[Round "4"]
[White "Ahmad, E Al Azzah"]
[Black "Sultan, Ibrahim"]
[Result "0-1"]
[WhiteElo "2022"]
[BlackElo "1802"]
[PlyCount "120"]
[EventDate "2009.12.12"]
[EventType "team-swiss"]
[EventRounds "9"]
[EventCountry "TUN"]
[SourceTitle "EXT 2020"]
[Source "ChessBase"]
[SourceDate "2019.10.17"]
[SourceVersion "1"]
[SourceVersionDate "2019.10.17"]
[SourceQuality "1"]
[WhiteTeam "Shabab Al Azoun"]
[BlackTeam "Dubai"]
[WhiteTeamCountry "PLE"]
[BlackTeamCountry "UAE"]

1. e4 e6 2. d4 d5 3. e5 c5 4. c3 Nc6 5. Ne2 Nge7 6. g3 Qb6 7. Bh3 Ng6 8. 0-0 Be7 9. a3 a5 10. a4 0-0 11. b3 f6 12. exf6 Bxf6 13. Be3 cxd4 14. cxd4 Bd7 15. Nbc3 Rac8 16. Nxd5 exd5 17. Bxd7 Rcd8 18. Be6+ Kh8 19. Bf5 Nge7 20. Bb1 g6 21. Ra2 Nb4 22. Rd2 Rc8 23. Nf4 Rc3 24. Qg4 Rg8 25. Nd3 Nxd3 26. Bxd3 Rxb3 27. Bb5 h5 28. Qf4 Nf5 29. Bd7 Qd6 30. Qxd6 Nxd6 31. Be6 Rb8 32. Bxd5 Ra3 33. Bf4 Rd8 34. Be5 Bxe5 35. dxe5 Nc4 36. Rdd1 Nxe5 37. Bxb7 Rxd1 38. Rxd1 Rxa4 39. Rd6 Kg7 40. Re6 Ra1+ 41. Kg2 Re1 42. f4 Nd3 43. Rxe1 Nxe1+ 44. Kf2 Nd3+ 45. Ke3 Nc5 46. Bd5 a4 47. Kd4 Nd7 48. Ba2 h4 49. g4 g5 50. f5 h3 51. Ke4 Nc5+ 52. Kd4 Nd7 53. Be6 a3 54. Ba2 Nf6 55. Ke3 Nxg4+ 56. Kf3 Nxh2+ 57. Kg3 Nf1+ 58. Kxh3 Ne3 59. Kg3 Nxf5+ 60. Kg4 Kf6 0-1

[Event "Arab Clubs-chT 11th"]
[Site "Tunis"]
[Date "2009.12.12"]
[Round "1"]
[White "Ahmad, E Al Azzah"]
[Black "Al Ali, Hussein Ali Hussein"]
[Result "0-1"]
[WhiteElo "2022"]
[BlackElo "2371"]
[PlyCount "187"]
[EventDate "2009.12.12"]
[EventType "team-swiss"]
[EventRounds "9"]
[EventCountry "TUN"]
[SourceTitle "EXT 2020"]
[Source "ChessBase"]
[SourceDate "2019.10.17"]
[SourceVersion "1"]
[SourceVersionDate "2019.10.17"]
[SourceQuality "1"]
[WhiteTeam "Shabab Al Azoun"]
[BlackTeam "Peshmerga"]
[WhiteTeamCountry "PLE"]
[BlackTeamCountry "IRQ"]

1. e4 c5 2. Ne2 Nc6 3. c4 g6 4. d3 Bg7 5. Nbc3 e6 6. g3 Nge7 7. Bg2 0-0 8. 0-0 Rb8 9. Rb1 a6 10. a3 b5 11. cxb5 axb5 12. b4 cxb4 13. axb4 d5 14. exd5 exd5 15. d4 Bg4 16. Be3 Nf5 17. Qd2 Nxe3 18. fxe3 Qd6 19. Nxd5 Rfe8 20. Ndf4 g5 21. Bxc6 Qxc6 22. Ng2 Bh3 23. d5 Rbd8 24. Rbd1 Qb6 25. Nd4 Rxd5 26. Qf2 Qg6 27. Qf3 Re4 28. Qf2 h5 29. Qa2 Rd7 30. Nxb5 Rxd1 31. Rxd1 Rxb4 32. Nd4 Qe4 33. Qd2 Rc4 34. Ne1 Bg4 35. Qd3 Qd5 36. Ndf3 Qc5 37. Rb1 Bf6 38. Qd2 Rc3 39. Nd3 Rxd3 40. Qxd3 Bxf3 41. Rb5 Qc1+ 42. Kf2 Qh1 43. Qf1 Qxf1+ 44. Kxf1 Be4 45. Kf2 Kg7 46. Rb4 Bf5 47. Rb5 Bg4 48. Kg2 Kg6 49. Kf2 Bh3 50. Ra5 Bd8 51. Ra8 Bc7 52. Ra7 Be5 53. Ra4 f6 54. Ra7 Be6 55. Re7 Bd5 56. Rd7 Bc6 57. Ra7 Kf5 58. Ra6 Bd5 59. Ra5 Ke4 60. Ra4+ Kd3 61. Ra3+ Kd2 62. Ra5 Be4 63. Ra4 Kd3 64. Ra3+ Bc3 65. Ra6 h4 66. Rd6+ Kc4 67. Rd8 hxg3+ 68. hxg3 Be5 69. Rd7 Kc5 70. Rd8 Kc6 71. Rd1 Bd6 72. Rd4 Bd5 73. Ra4 Kd7 74. Ra7+ Ke6 75. Ra5 Be5 76. Ra7 Kf5 77. Ra4 Kg6 78. Rb4 Kh5 79. Ra4 Be6 80. Rb4 Bd7 81. Rc4 Bb5 82. Rb4 Bd3 83. Ra4 f5 84. Ra5 Bf6 85. Ra7 Kg4 86. Ra5 Be4 87. Rb5 Be7 88. Rb6 Bd8 89. Rb4 Bc7 90. Ra4 Bxg3+ 91. Ke2 Kh3 92. Ra7 Kg2 93. Rg7 f4 94. Rxg5 0-1

[Event "Arab Cities-chT"]
[Site "Cairo"]
[Date "2009.10.29"]
[Round "6"]
[White "Ahmad, E Al Azzah"]
[Black "Gueroui, Nacereddine"]
[Result "1-0"]
[WhiteElo "2022"]
[BlackElo "2101"]
[PlyCount "51"]
[EventDate "2009.10.25"]
[EventType "team-tourn"]
[EventRounds "9"]
[EventCountry "EGY"]
[SourceTitle "EXT 2010"]
[Source "ChessBase"]
[SourceDate "2010.11.25"]
[SourceVersion "1"]
[SourceVersionDate "2010.11.25"]
[SourceQuality "1"]
[WhiteTeam "Betlehem"]
[BlackTeam "Constantine"]
[WhiteTeamCountry "PLE"]
[BlackTeamCountry "ALG"]

1. d4 Nf6 2. g3 c5 3. c3 e6 4. Bg2 d5 5. Nf3 Nc6 6. 0-0 Be7 7. Ne5 0-0 8. Nd2 cxd4 9. Nxc6 bxc6 10. cxd4 c5 11. Nb3 cxd4 12. Nxd4 Qb6 13. Nb3 Bd7 14. Be3 Qb7 15. Qd2 Rfc8 16. Rfc1 Bb5 17. Bc5 Bd8 18. Nd4 Bc4 19. Rxc4 Nd7 20. Rac1 Qa6 21. R4c2 Qxa2 22. Ba3 Rxc2 23. Qxc2 Nb6 24. Qc6 h6 25. Qe8+ Kh7 26. Qxf7 1-0

[Event "Arab Cities-chT"]
[Site "Cairo"]
[Date "2009.10.25"]
[Round "1"]
[White "Shoker, Samy"]
[Black "Ahmad, E Al Azzah"]
[Result "1-0"]
[WhiteElo "2488"]
[BlackElo "2022"]
[PlyCount "81"]
[EventDate "2009.10.25"]
[EventType "team-tourn"]
[EventRounds "9"]
[EventCountry "EGY"]
[SourceTitle "EXT 2010"]
[Source "ChessBase"]
[SourceDate "2010.11.25"]
[SourceVersion "1"]
[SourceVersionDate "2010.11.25"]
[SourceQuality "1"]
[WhiteTeam "Gizza"]
[BlackTeam "Betlehem"]
[WhiteTeamCountry "EGY"]
[BlackTeamCountry "PLE"]

1. g3 d5 2. Bg2 e5 3. d3 c6 4. Nf3 Bd6 5. 0-0 Nf6 6. c4 0-0 7. cxd5 cxd5 8. Nc3 Nc6 9. Bg5 Be7 10. a3 h6 11. Bd2 Be6 12. b4 a6 13. Rb1 b5 14. h3 Rc8 15. Kh2 d4 16. Ne4 Nxe4 17. dxe4 Bc4 18. Ne1 a5 19. bxa5 Bxa3 20. Nd3 f6 21. h4 Bxd3 22. exd3 b4 23. Bh3 Rb8 24. Qg4 f5 25. exf5 Qf6 26. Qe4 Rb5 27. g4 Nxa5 28. g5 Qc6 29. Qxc6 Nxc6 30. gxh6 gxh6 31. Rg1+ Kf7 32. Rg6 Ne7 33. Ra6 Rfb8 34. Rxh6 b3 35. Bg4 Ng8 36. Rh7+ Kf8 37. Bf3 Nf6 38. Bh6+ Kg8 39. Rg7+ Kh8 40. Rf7 Ng8 41. Bg7+ 1-0